[Event "Steinfurt Bezirksliga 0203"]
[Site "?"]
[Date "2003.03.22"]
[Round "7.6"]
[White "Schulte Ralf"]
[Black "Holtmannspoetter Michael"]
[Result "1-0"]
[WhiteElo "1714"]
[BlackElo "1396"]
[PlyCount "39"]
[EventDate "2003.??.??"]
[Source "www.chesslib.no"]
[SourceDate "2004.05.04"]

1. d4 d5 2. c4 e6 3. Nc3 Nf6 4. Bg5 Nbd7 5. e3 Bb4 6. Nf3 b6 7. cxd5 exd5 8. Bb5 h6 9. Bh4 g5 10. Bg3 Ne4 11. O-O Nxg3 12. hxg3 Bxc3 13. bxc3 Qf6 14. Ne5 Qd6 15. Qh5 Rh7 16. f4 g4 17. Qxg4 Ke7 18. Qg8 Nf6 19. Nc6+ Ke6 20. f5+ 1-0

[Event "Essen (24.03.-09.04)"]
[Site "?"]
[Date "2003.04.02"]
[Round "6"]
[White "Rieckhof Juergen"]
[Black "Schmidt Peter"]
[Result "1-0"]
[WhiteElo "1508"]
[BlackElo "1583"]
[PlyCount "124"]
[EventDate "2003.??.??"]
[Source "www.chesslib.no"]
[SourceDate "2004.05.04"]

1. d4 d5 2. c4 e6 3. Nc3 Nf6 4. Bg5 Nbd7 5. e3 h6 6. Bxf6 Nxf6 7. Nf3 Be7 8. Bd3 dxc4 9. Bxc4 O-O 10. O-O a6 11. a4 c5 12. d5 exd5 13. Nxd5 Nxd5 14. Bxd5 Qc7 15. Qb3 Rb8 16. a5 Bg4 17. Qc4 Bxf3 18. Bxf3 b5 19. axb6 Rxb6 20. Rab1 a5 21. b3 Rb4 22. Qa6 Rfb8 23. Bd5 Bd6 24. g3 Qb6 25. Qxb6 R4xb6 26. Ra1 Ra6 27. f4 Rb4 28. Bc4 Ra7 29. Rfd1 Bf8 30. Ra4 Be7 31. e4 Rxa4 32. bxa4 Kf8 33. e5 g6 34. Kf2 Rb7 35. Bb5 Rc7 36. Rc1 Rc8 37. Rc3 Rd8 38. Rd3 Rxd3 39. Bxd3 Ke8 40. Bb5+ Kd8 41. Ke3 f6 42. Ke4 fxe5 43. Kxe5 Kc7 44. Ke6 Kd8 45. g4 Bh4 46. Kf7 g5 47. f5 Kc7 48. Ke8 Bf2 49. f6 Bd4 50. f7 Bg7 51. f8=Q Bxf8 52. Kxf8 Kd6 53. Bc4 Ke5 54. Kg7 Kd4 55. Bf7 c4 56. Kxh6 c3 57. Bg6 Ke3 58. Kxg5 Kd2 59. h4 c2 60. Bxc2 Kxc2 61. h5 Kb3 62. h6 Kxa4 1-0

[Event "Fairfax, Va."]
[Site "?"]
[Date "1976.08.22"]
[Round "4"]
[White "Thomas Michael"]
[Black "Moody David"]
[Result "1-0"]
[WhiteElo "1392"]
[BlackElo "1576"]
[PlyCount "87"]
[EventDate "1976.??.??"]
[Source "www.chesslib.no"]
[SourceDate "2004.05.04"]

1. d4 d5 2. c4 e6 3. Nc3 Nf6 4. Bg5 Nbd7 5. e3 c6 6. Bd3 Qa5 7. c5 b6 8. cxb6 axb6 9. Nge2 Bb4 10. O-O e5 11. Bf5 Ba6 12. Bd3 Bxd3 13. Qxd3 e4 14. Qc2 b5 15. a3 Bd6 16. f3 exf3 17. Rxf3 Qd8 18. Raf1 Bxh2+ 19. Kxh2 Ng4+ 20. Kg1 Qxg5 21. Nd1 Rc8 22. Rh3 h5 23. Rf5 Qg6 24. Nf4 Qh7 25. Nxd5 Kd8 26. Nf4 Nh6 27. Rhxh5 g6 28. Rxh6 Qxh6 29. Rxf7 Rf8 30. Ne6+ Ke8 31. Nxf8 Kxf7 32. Nxd7 Rh8 33. Ne5+ Kg7 34. Nxc6 Qh1+ 35. Kf2 Rf8+ 36. Ke2 Qxg2+ 37. Kd3 Qf3 38. Ne5 Qf1+ 39. Kd2 Qg2+ 40. Kc1 Qh3 41. Qxg6+ Kh8 42. Nf7+ Rxf7 43. Qxf7 b4 44. Qf8+ 1-0

[Event "Corr"]
[Site "?"]
[Date "2004.11.30"]
[Round "?"]
[White "Magalh‹es Jo‹o Flavio"]
[Black "Schulze Ralf"]
[Result "0-1"]
[WhiteElo "1516"]
[BlackElo "1390"]
[PlyCount "66"]
[EventDate "2004.??.??"]
[Source "www.chesslib.no"]
[SourceDate "2004.05.04"]

1. d4 d5 2. c4 e6 3. Nc3 Nf6 4. Bg5 Nbd7 5. e3 h6 6. Bxf6 Nxf6 7. Nf3 c6 8. cxd5 cxd5 9. Bb5+ Bd7 10. Bxd7+ Nxd7 11. O-O Bd6 12. e4 dxe4 13. Nxe4 Bb4 14. Qa4 Qa5 15. Nd6+ Ke7 16. Qxa5 Bxa5 17. Nxb7 Bc7 18. Rfc1 Rac8 19. Nc5 Nxc5 20. Rxc5 Bb6 21. Rc3 Ba5 22. Rcc1 f6 23. Ne5 Rxc1+ 24. Rxc1 fxe5 25. dxe5 Rd8 26. f4 Rd2 27. Rb1 g5 28. g3 Bb6+ 29. Kh1 gxf4 30. gxf4 Rf2 31. Rg1 Kf7 32. Rg4 Rxb2 33. h3 Rxa2 0-1

[Event "Corr"]
[Site "?"]
[Date "2002.03.26"]
[Round "?"]
[White "Van Gimst Herman"]
[Black "Cehajic Mustafa"]
[Result "0-1"]
[WhiteElo "1469"]
[BlackElo "1340"]
[PlyCount "58"]
[EventDate "2002.??.??"]
[Source "www.chesslib.no"]
[SourceDate "2004.05.04"]

1. d4 d5 2. c4 e6 3. Nc3 Nf6 4. Bg5 Nbd7 5. e3 c6 6. a3 Bd6 7. c5 Bc7 8. Nf3 e5 9. b4 O-O 10. Bd3 e4 11. Bxe4 dxe4 12. Nxe4 Re8 13. Nfd2 h6 14. Bh4 g5 15. Nxg5 hxg5 16. Bxg5 Nf8 17. O-O N8h7 18. Bh4 Qd5 19. f3 Rxe3 20. Nb3 Rxb3 21. Qd2 Nh5 22. Rae1 Be6 23. Re4 Rxa3 24. Be1 Ra2 25. Qe3 N7f6 26. Rh4 Re8 27. g4 Bf4 28. Qd3 Bxg4 29. Rf2 Rxe1+ 0-1